Three-Digit Prime Numbers by Tens - Statistics

General Stats
  • This quiz has been taken 157 times
  • The average score is 77 of 90
Answer Stats
Hint Answer % Correct
191, 193, 197, 199 all
90%
181, 183, 187, 189 1
89%
101, 103, 107, 109 all
89%
681, 683, 687, 689 3
88%
551, 553, 557, 559 7
88%
521, 523, 527, 529 1, 3
88%
821, 823, 827, 829 all
88%
201, 203, 207, 209 none
87%
321, 323, 327, 329 none
87%
891, 893, 897, 899 none
87%
211, 213, 217, 219 1
87%
421, 423, 427, 429 1
87%
631, 633, 637, 639 1
87%
661, 663, 667, 669 1
87%
691, 693, 697, 699 1
87%
111, 113, 117, 119 3
87%
451, 453, 457, 459 7
87%
481, 483, 487, 489 7
87%
781, 783, 787, 789 7
87%
141, 143, 147, 149 9
87%
151, 153, 157, 159 1, 7
87%
331, 333, 337, 339 1, 7
87%
671, 673, 677, 679 3, 7
87%
441, 443, 447, 449 3, 9
87%
811, 813, 817, 819 1
86%
291, 293, 297, 299 3
86%
741, 743, 747, 749 3
86%
121, 123, 127, 129 7
86%
301, 303, 307, 309 7
86%
361, 363, 367, 369 7
86%
391, 393, 397, 399 7
86%
581, 583, 587, 589 7
86%
721, 723, 727, 729 7
86%
871, 873, 877, 879 7
86%
901, 903, 907, 909 7
86%
411, 413, 417, 419 9
86%
281, 283, 287, 289 1, 3
86%
271, 273, 277, 279 1, 7
86%
751, 753, 757, 759 1, 7
86%
491, 493, 497, 499 1, 9
86%
701, 703, 707, 709 1, 9
86%
171, 173, 177, 179 3, 9
86%
261, 263, 267, 269 3, 9
86%
371, 373, 377, 379 3, 9
86%
381, 383, 387, 389 3, 9
86%
501, 503, 507, 509 3, 9
86%
561, 563, 567, 569 3, 9
86%
651, 653, 657, 659 3, 9
86%
341, 343, 347, 349 7, 9
86%
311, 313, 317, 319 1, 3, 7
86%
461, 463, 467, 469 1, 3, 7
86%
641, 643, 647, 649 1, 3, 7
86%
431, 433, 437, 439 1, 3, 9
86%
221, 223, 227, 229 3, 7, 9
86%
621, 623, 627, 629 none
85%
241, 243, 247, 249 1
85%
771, 773, 777, 779 3
85%
861, 863, 867, 869 3
85%
951, 953, 957, 959 3
85%
981, 983, 987, 989 3
85%
791, 793, 797, 799 7
85%
471, 473, 477, 479 9
85%
251, 253, 257, 259 1, 7
85%
541, 543, 547, 549 1, 7
85%
571, 573, 577, 579 1, 7
85%
601, 603, 607, 609 1, 7
85%
401, 403, 407, 409 1, 9
85%
761, 763, 767, 769 1, 9
85%
161, 163, 167, 169 3, 7
85%
231, 233, 237, 239 3, 9
85%
351, 353, 357, 359 3, 9
85%
731, 733, 737, 739 3, 9
85%
851, 853, 857, 859 3, 7, 9
85%
511, 513, 517, 519 none
84%
961, 963, 967, 969 7
84%
921, 923, 927, 929 9
84%
941, 943, 947, 949 1, 7
84%
971, 973, 977, 979 1, 7
84%
991, 993, 997, 999 1, 7
84%
591, 593, 597, 599 3, 9
84%
881, 883, 887, 889 1, 3, 7
84%
611, 613, 617, 619 3, 7, 9
84%
841, 843, 847, 849 none
83%
931, 933, 937, 939 7
83%
711, 713, 717, 719 9
83%
911, 913, 917, 919 1, 9
83%
131, 133, 137, 139 1, 7, 9
83%
801, 803, 807, 809 9
82%
831, 833, 837, 839 9
81%
531, 533, 537, 539 none
79%
No matching quizzes found
Score Distribution
Percent of People with Each Score
Percentile by Number Answered
Your Score History
You have not taken this quiz